Szczegóły MARC21

The anti-grammar grammar book : a teacher's resource book of discovery activities for grammar teaching /

003 -Nazwa inst., której nr kontr. jest w polu 001 [,]
    • @
    • Nazwa instytucji, której n kontrolny jest w polu 001
    • NUKAT
005 -DATA I CZAS OSTATNIEJ MODYFIKACJI [,]
    • @
    • pole kontrolne
    • 20241231115634.0
020 -Międzynarod. znormalizowany nr książki - ISBN [ , ]
    • a
    • Numer ISBN
    • 058203390X Find
040 -Instytucja sporządzająca opis [ , ]
    • a
    • Instytucja, która sporządziła opis (NP)
    • KR 119/rk
    • c
    • Instytucja, która sporządziła rekord (NP)
    • KR 119/rk
    • d
    • Instytucja, która zmodyfikowała rekord (P)
    • KR 119/rks
942 -Rodzaj dokumentu [ , ]
    • c
    • Rodzaj dokumentu
    • Książka
100 -Hasło główne - nazwa osobowa [1, ]
    • a
    • Nazwa osobowa (NP)
    • Hall, Nicholas J.
    • 9
    • KHW
    • 609622
245 -Strefa tytułu i oznaczenia odpowiedzialności [1,4]
    • a
    • Tytuł
    • The anti-grammar grammar book : Find
    • b
    • Ciąg dalszy tytułu (NP)
    • a teacher's resource book of discovery activities for grammar teaching / Find
    • c
    • Pozostałe elementy strefy tytułu i oznaczenia odpowiedzialności (NP)
    • Nick Hall and John Shepheard.
250 -Strefa wydania [ , ]
    • a
    • Oznaczenie wydania (NP)
    • 9th impr.
260 -Strefa adresu wydawniczego [ , ]
    • a
    • Miejsce wydania (P)
    • Harlow :
    • b
    • Nazwa wydawcy (P)
    • Longman,
    • c
    • Data wydania (P)
    • 1999.
300 -Strefa opisu fizycznego [ , ]
    • a
    • Określenie formy książki i/lub objętość (NP)
    • 160 s. :
    • b
    • Oznaczenie ilustracji (NP)
    • il. ;
    • c
    • Format (NP)
    • 25 cm.
336 -Typ zawartości [ , ]
    • a
    • Termin opisujący typ zawartości
    • Tekst
    • b
    • Kod określający zawartość
    • txt
    • 2
    • Źródło (terminu i kodu)
    • rdacontent
337 -Typ mediów [ , ]
    • a
    • Tryb odtwarzania
    • Bez urządzenia pośredniczącego
    • b
    • Kod typu mediów
    • n
    • 2
    • Źródło (terminu i kodu)
    • rdamedia
338 -Typ/rodzaj nośnika [ , ]
    • a
    • Hasło opisujące typ nośnika
    • Wolumin
    • b
    • Kod typu nośnika
    • nc
    • 2
    • Źródło (terminu i kodu)
    • rdacarrier
080 -Uniwersalna Klasyfikacja Dziesiętna [ , ]
    • 2
    • Identyfikator wydania tablic
    • UDC-P058
    • 9
    • UKD
    • 16752
    • a
    • Symbol klasyfikacji
    • 811.111'36
    • b
    • Dopowiedzenie
    • Język angielski. - Gramatyka. Gramatyka generatywna.
    • 4
    • UKD2
    • 13123
    • x
    • Poddział wspólny
    • (072)
    • c
    • Dopowiedzenie poddz. wspólnego
    • (Materiały do nauczania dla nauczycieli).
    • 4
    • UKD2
    • 7644
    • x
    • Poddział wspólny
    • =111
    • c
    • Dopowiedzenie poddz. wspólnego
    • =Język angielski.
650 -Hasło przedmiotowe [ ,7]
    • a
    • Hasło przedmiotowe
    • Język angielski
    • x
    • Określnik rzeczowy
    • gramatyka
    • x
    • Określnik rzeczowy
    • studia i nauczanie.
    • 2
    • Źródło terminu
    • kaba
    • 9
    • KHW
    • 410882
980 -Symbol UKD [ , ]
    • a
    • UKD
    • 811.111'36(072)=111
700 -Hasło dodatkowe - nazwa osobowa [1, ]
    • a
    • Nazwa osobowa (NP)
    • Shepheard, John. Find
    • 9
    • KHW
    • 609623
710 -Hasło dodatkowe - nazwa ciała zbiorowego [2, ]
    • a
    • Nazwa ciała zbiorowego lub nazwa geograficzna jako pierwszy element (NP)
    • Pearson Longman.
    • 4
    • Kod relacji
    • pbl
    • 9
    • KHW
    • 52114
920 -ISBN [ , ]
    • a
    • ISBN
    • 0-582-03390-X Find
Sygnatura Numer inwentarzowy Status udost. Lokalizacja Data inwentaryzacji
ANG. Metodyka - gramatyka 25A.89201BM2012-07-20